| 000 | 00629nam a22002417a 4500 | ||
|---|---|---|---|
| 003 | OSt | ||
| 005 | 20220107122834.0 | ||
| 008 | 171007b xxu||||| |||| 00| 0 eng d | ||
| 020 | _a9783319457956 | ||
| 040 | _cIIITMK | ||
| 082 | _a006.312 STE/A | ||
| 100 |
_aSteele, Brian _913183 |
||
| 245 | _aAlgorithms for data science | ||
| 260 |
_aSwitzerland, _bSpringer, _c2016. |
||
| 300 | _axxiii, 430p. | ||
| 650 |
_aCOMPUTER SCIENCE _913184 |
||
| 650 |
_aALGORITHM _913185 |
||
| 650 |
_aDATA SCIENCE _913186 |
||
| 650 |
_aPYTHON _913187 |
||
| 700 |
_aChandler, John _913188 |
||
| 700 |
_aReddy, Swarna _913189 |
||
| 942 |
_2ddc _cBK |
||
| 999 |
_c5891 _d5891 |
||